Scrambled “H” Words - Statistics

General Stats
  • This quiz has been taken 70 times
    63 since last reset
  • The average score is 18 of 26
Answer Stats
Hint Answer % Correct
nnoeyhoom honeymoon
96%
rohror horror
96%
gramhuber hamburger
94%
eehanv heaven
90%
chmmkoa hammock
86%
mehubl humble
84%
aeyhdy heyday
82%
yulmihit humility
82%
hadgban handbag
80%
atlheh health
80%
yreesh heresy
75%
pncadhai handicap
73%
anhhadsek handshake
71%
ntahehe heathen
69%
daazarphh haphazard
65%
mhkocle hemlock
63%
uekshwoor housework
59%
rlhaeb herbal
57%
eusdholho household
57%
htsyraie hysteria
57%
tgohnua hangout
53%
rseotlh holster | hostler
51%
hiodicem homicide
49%
seoyhri hosiery
49%
delaeshs headless
45%
ytshakca haystack
43%
No matching quizzes found
Score Distribution
Percent of People with Each Score
Percentile by Number Answered
Your Score History
You have not taken this quiz since the last reset